000 01852cam a2200289 4500
001 ##E130206
002 ##9039
008 111024s2005 000 0 eng u
020 _a1842192345
035 _a(Sirsi) u130206
041 0 _aeng
050 0 4 _a658.404
_c18
110 2 _aRoyal Institution of Chartered Surveyors
_94900
245 0 0 _aE-tendering
_bRICS guidance note
260 _aCoventry
_bRICS Books
_c2005
300 _aviii, 44p.
_c30cm.
350 _a£20
490 _aRICS Guidance Note
520 _aProvides useful best practice information on e-tendering for anyone involved in procurement, allowing clients and tenderers to their costs, remove unnecessary administration and streamline the overall tendering process. Use standard practice to show the benefits of a consistent approach and avoid ambiguities and technical incompatibility. Examines the tendering process, from preliminary enquiry through to tender acceptance and withdrawal, considering the practical and legal implications of e-tendering in relation to: tender methodologies, different electronic formats and their impact upon information exchange; the benefits and constraints that different technologies provide; security issues, tendering procedures and workflow; assessment of tenders and notification of results. Appendices include a glossary of terms, sample materials, checklists and sources of further information on implementing e-tendering.
520 _aSuperseded by second edition (ISBN 9781842195635).
590 _aIKA251005
650 2 4 _aDIRECTIVE 2004/18/EC
651 4 _aUnited Kingdom
_y
690 _aProcurement
_96260
856 4 1 _uhttps://web.archive.org/web/20120118110049/https://www.ricsetendering.com/web/RICS%20Guidance%20Note%20-%20e-Tendering.pdf
_zView the guidance free of charge at www.ricsetendering.com
942 _n0
999 _c104396
_d104396